Olympics medal table - Equestrian events - Statistics

General Stats
  • This quiz has been taken 36 times
  • The average score is 13 of 16
Answer Stats
Total Gold Silver Bronze Nation % Correct
56 28 14 14 Germany
100%
14 5 5 4 United Team of Germany
100%
25 11 5 9 West Germany
100%
38 14 13 11 France
97%
40 13 12 15 Great Britain
94%
54 11 23 20 United States
88%
7 2 2 3 Canada
82%
14 6 4 4 Australia
79%
27 10 13 4 Netherlands
79%
13 1 2 7 Belgium
73%
23 7 9 7 Italy
73%
45 18 13 14 Sweden
73%
15 6 5 4 Soviet Union
70%
10 3 2 5 New Zealand
67%
22 5 10 7 Switzerland
67%
7 2 1 4 Mexico
48%
No matching quizzes found
Score Distribution
Percent of People with Each Score
Percentile by Number Answered
Your Score History
You have not taken this quiz